00325nam a2200121Ia 4500008004100000041000800041082001200049100002200061245004100083260003500124300003300159365001100192240624s9999 xx 000 0 und d aeng a823 PAT aPATTANAIK DEVDUTT aMYTH MITHYA DECODING HINDU MYTHOLOGY c2006aNew DelhibPenguin India axviii, : 227 : p. : cm. ; 19 cRSb25